[Event "Madrid ch - Previa A"]
[Site "Madrid ESP"]
[Date "2008.11.05"]
[Round "3.12"]
[White "Fernandez Aransay, Fernando"]
[Black "Romero Jaime, Pedro"]
[Result "1-0"]
[WhiteElo "1958"]
[BlackElo "1743"]
[PlyCount "119"]
[EventDate "2008.11.03"]
[EventRounds "9"]
[EventCountry "ESP"]
[Source "lmi"]
[SourceDate "2008.11.03"]

1. e4 c5 2. Nf3 d6 3. d4 cxd4 4. Nxd4 Nf6 5. Nc3 a6 6. Be2 e5 7. Nb3 Be6 8. Bg5
Nbd7 9. O-O Be7 10. a4 Rc8 11. a5 Bc4 12. f3 Bxe2 13. Qxe2 O-O 14. Rfd1 Re8 15.
Be3 Qc7 16. Rd2 Nc5 17. Nc1 b5 18. axb6 Qxb6 19. Na4 Qc6 20. Nxc5 dxc5 21. Rxa6
Qb7 22. b3 Nd7 23. Rd5 f6 24. Ra5 Rc6 25. Rb5 Qc7 26. Kf2 Rc8 27. c4 Ra8 28.
Na2 Rca6 29. Nc3 Rc6 30. Rd2 Bf8 31. Qd3 Rd6 32. Nd5 Qa7 33. b4 Ra6 34. Ne7+
Bxe7 35. Qxd7 Qxd7 36. Rxd7 Ra2+ 37. Kg3 Kf8 38. Bxc5 Bxc5 39. Rxc5 R2a7 40.
Rxa7 Rxa7 41. b5 Ke7 42. Rd5 Rb7 43. f4 exf4+ 44. Kxf4 Ke6 45. h4 g6 46. g4 Rb6
47. g5 Ke7 48. Rc5 Rb7 49. gxf6+ Kxf6 50. Rc6+ Kg7 51. e5 Rf7+ 52. Rf6 Rc7 53.
Rc6 Rf7+ 54. Kg4 h5+ 55. Kg3 Rd7 56. b6 Rd3+ 57. Kf2 Rh3 58. Rc7+ Kh6 59. b7
Rb3 60. e6 1-0

[Event "Madrid ch - Previa A"]
[Site "Madrid ESP"]
[Date "2008.11.05"]
[Round "3.13"]
[White "Boni De Aristizabal, Marco"]
[Black "Rodriguez Lopez-Cañizares, Francisco"]
[Result "1/2-1/2"]
[WhiteElo "1934"]
[BlackElo "1692"]
[PlyCount "120"]
[EventDate "2008.11.03"]
[EventRounds "9"]
[EventCountry "ESP"]
[Source "lmi"]
[SourceDate "2008.11.03"]

1. e4 e6 2. d4 d5 3. Nc3 Nf6 4. e5 Nfd7 5. Nf3 c5 6. Be3 Qb6 7. Bb5 a6 8. Bxd7+
Bxd7 9. Qd2 Bc6 10. O-O Nd7 11. a3 Qa7 12. Ne2 c4 13. c3 Nb6 14. Ng3 h6 15. Nh5
Nd7 16. h3 b5 17. Nh2 f6 18. f4 f5 19. g4 g6 20. Ng3 Nb6 21. Nf3 Qg7 22. Rf2
Be7 23. Rg2 O-O-O 24. gxf5 gxf5 25. Nxf5 Qh7 26. Nxe7+ Qxe7 27. Kh2 Rdg8 28.
Rag1 Qh7 29. Nh4 Be8 30. Qf2 Nd7 31. f5 Nf8 32. f6 Bf7 33. Rxg8 Rxg8 34. Rxg8
Bxg8 35. Qf4 Bf7 36. Qxh6 Qxh6 37. Bxh6 Ng6 38. Nf3 Kd8 39. Ng5 Ke8 40. Nxf7
Kxf7 41. Kg3 Nh8 42. h4 Kg6 43. Bg7 Nf7 44. Kg4 a5 45. h5+ Kh7 46. Kf4 Nd8 47.
Ke3 a4 48. h6 Nf7 49. Kf4 Nd8 50. Kg4 Nf7 51. Kh5 Nd8 52. Bf8 Nf7 53. Be7 Nxh6
54. Bd8 Nf7 55. Bc7 Nh6 56. Bd6 Nf7 57. Bf8 Nd8 58. Be7 Nf7 59. Kg4 Kg6 60. Kf4
Ng5 1/2-1/2

[Event "Madrid ch - Previa A"]
[Site "Madrid ESP"]
[Date "2008.11.05"]
[Round "3.14"]
[White "Bascuñana Gonzalez, Sergio"]
[Black "Garcia Gonzalez, Pedro"]
[Result "1/2-1/2"]
[WhiteElo "1702"]
[BlackElo "1919"]
[PlyCount "43"]
[EventDate "2008.11.03"]
[EventRounds "9"]
[EventCountry "ESP"]
[Source "lmi"]
[SourceDate "2008.11.03"]

1. e4 e6 2. d3 d5 3. Nd2 c5 4. Ngf3 Nc6 5. g3 Be7 6. Bg2 Nf6 7. O-O O-O 8. e5
Nd7 9. Re1 f6 10. exf6 Nxf6 11. Bh3 e5 12. Bxc8 Qxc8 13. Qe2 Bd6 14. c3 Qd7 15.
Kg2 Rae8 16. a3 h6 17. b4 cxb4 18. axb4 a6 19. Bb2 Qf5 20. Nh4 Qh7 21. Nhf3 Qf5
22. Nh4 1/2-1/2

[Event "Madrid ch - Previa A"]
[Site "Madrid ESP"]
[Date "2008.11.05"]
[Round "3.16"]
[White "Aburto Renovales, Rafael"]
[Black "Maseda Iglesias, Luis"]
[Result "0-1"]
[WhiteElo "1530"]
[BlackElo "1896"]
[PlyCount "100"]
[EventDate "2008.11.03"]
[EventRounds "9"]
[EventCountry "ESP"]
[Source "lmi"]
[SourceDate "2008.11.03"]

1. d4 d5 2. c4 e6 3. Nf3 Nf6 4. Nc3 c6 5. e3 Be7 6. Be2 O-O 7. O-O dxc4 8. Bxc4
b5 9. Bd3 Bb7 10. a3 Qc7 11. Qc2 Nbd7 12. b4 a6 13. Bb2 Rac8 14. Ne4 h6 15. Nc5
Rfd8 16. Rad1 Nxc5 17. dxc5 Ra8 18. Be5 Qc8 19. Rfe1 a5 20. Rd2 axb4 21. axb4
Ra4 22. Qb1 Nd5 23. Rb2 f6 24. Bh7+ Kf8 25. e4 Nc7 26. Bc3 Kf7 27. Nh4 g5 28.
e5 f5 29. Ng6 Nd5 30. Nxe7 Nxe7 31. g4 Kg7 32. gxf5 exf5 33. Bxf5 Qxf5 34. Qxf5
Nxf5 35. e6+ Kg8 36. e7 Re8 37. Rbe2 Kf7 38. Re6 Rxe7 39. Rf6+ Ke8 40. Rfe6
Rxe6 41. Rxe6+ Kd7 42. Rf6 Ne7 43. Rf7 Ke8 44. Rh7 Nd5 45. Rh8+ Kf7 46. Rh7+
Kg6 47. Rxb7 Nxc3 48. Rc7 Ne2+ 49. Kf1 Nd4 50. Rd7 Rxb4 0-1

[Event "Madrid ch - Previa A"]
[Site "Madrid ESP"]
[Date "2008.11.05"]
[Round "3.19"]
[White "Pardiñas Riaño, Emilio"]
[Black "Marcelo De La Mata, Daniel"]
[Result "1-0"]
[WhiteElo "1852"]
[BlackElo "1507"]
[PlyCount "27"]
[EventDate "2008.11.03"]
[EventRounds "9"]
[EventCountry "ESP"]
[Source "lmi"]
[SourceDate "2008.11.03"]

1. e4 c6 2. d4 d5 3. Nd2 dxe4 4. Nxe4 Bf5 5. Ng3 Bg6 6. h4 h6 7. Nf3 Nd7 8. h5
Bh7 9. Bd3 Bxd3 10. Qxd3 Ngf6 11. Bf4 Qa5+ 12. Bd2 Qc7 13. O-O-O e6 14. Kb1 1-0

[Event "Madrid ch - Previa A"]
[Site "Madrid ESP"]
[Date "2008.11.05"]
[Round "3.21"]
[White "Poblador Dieguez, Alfredo"]
[Black "Diaz Begonte, Manuel"]
[Result "1/2-1/2"]
[WhiteElo "1654"]
[BlackElo "1875"]
[PlyCount "95"]
[EventDate "2008.11.03"]
[EventRounds "9"]
[EventCountry "ESP"]
[Source "lmi"]
[SourceDate "2008.11.03"]

1. d4 d5 2. c4 c6 3. Nc3 dxc4 4. a4 Nf6 5. e3 e5 6. Bxc4 exd4 7. exd4 Be7 8.
Nf3 O-O 9. Bg5 h6 10. Be3 Qc7 11. h3 Bf5 12. O-O Nbd7 13. Re1 Rfe8 14. Qb3 Be6
15. Bxe6 fxe6 16. Qxe6+ Kh8 17. Qf5 Ng8 18. Ne4 Rf8 19. Qg6 Ndf6 20. Ng3 Bb4
21. Bd2 Bxd2 22. Nxd2 Nd5 23. Nge4 Qf4 24. Qg3 Qxg3 25. Nxg3 Nb4 26. Re4 Nd3
27. Re3 Nb4 28. Rc1 Rad8 29. Nb3 b6 30. a5 bxa5 31. Nxa5 Rxd4 32. Nxc6 Nxc6 33.
Rxc6 Rd1+ 34. Nf1 Rb1 35. Re2 Nf6 36. g3 Rb8 37. Ra6 Rb7 38. Rc2 Nd5 39. Rc8+
Kh7 40. Ra8 R7xb2 41. R8xa7 Re2 42. Kg2 Rbb2 43. Rf7 Re7 44. Rf8 Nf6 45. h4
Ree2 46. Raxf6 gxf6 47. Rxf6 Kg7 48. Rf4 1/2-1/2

[Event "Madrid ch - Previa A"]
[Site "Madrid ESP"]
[Date "2008.11.05"]
[Round "3.22"]
[White "Zamora Pastora, Roger"]
[Black "Canseco Arenas, Alfonso"]
[Result "0-1"]
[WhiteElo "1620"]
[BlackElo "1822"]
[PlyCount "130"]
[EventDate "2008.11.03"]
[EventRounds "9"]
[EventCountry "ESP"]
[Source "lmi"]
[SourceDate "2008.11.03"]

1. d4 Nf6 2. Nf3 g6 3. c4 c5 4. d5 d6 5. Nc3 Bg7 6. e4 O-O 7. Be2 e6 8. O-O
exd5 9. cxd5 Bg4 10. h3 Bxf3 11. Bxf3 Nbd7 12. Bf4 Qc7 13. Nb5 Qb6 14. Nxd6
Qxb2 15. Nc4 Qd4 16. Qxd4 cxd4 17. Rab1 Nc5 18. Bd6 Rfc8 19. Na5 Ncxe4 20. Bb4
Ng5 21. d6 Nxf3+ 22. gxf3 b6 23. Nb3 Nd5 24. Bd2 Rd8 25. Nc1 Rxd6 26. Nd3 Nc3
27. Rbe1 Nxa2 28. Bf4 Rd5 29. Re4 a5 30. Rfe1 b5 31. Bc7 b4 32. Re8+ Rxe8 33.
Rxe8+ Bf8 34. Bd8 Kg7 35. Bf6+ Kxf6 36. Rxf8 b3 37. Rb8 a4 38. Rb6+ Kg7 39. Ra6
Nc3 40. Kf1 Nb5 41. Rxa4 h5 42. Rb4 Kf6 43. Rxb3 Kg5 44. f4+ Kf5 45. Kg2 Nc3
46. Kf3 f6 47. Ra3 Rd6 48. Ra5+ Ke6 49. h4 Kd7 50. Ra7+ Kc6 51. Ra6+ Kc7 52.
Rxd6 Kxd6 53. Kg3 Kd5 54. Kf3 Kc4 55. Ne1 f5 56. Nc2 d3 57. Ne3+ Kb3 58. Nf1
Nd5 59. Nd2+ Kc3 60. Nf1 Kc2 61. Kg2 d2 62. Nxd2 Kxd2 63. Kf3 Ke1 64. Kg3 Ke2
65. f3 Ke3 0-1

[Event "Madrid ch - Previa A"]
[Site "Madrid ESP"]
[Date "2008.11.05"]
[Round "3.25"]
[White "Corredor Gonzalez, Angel L"]
[Black "Arias De Reina Martinez, Francisco"]
[Result "1-0"]
[WhiteElo "1817"]
[BlackElo "1621"]
[PlyCount "103"]
[EventDate "2008.11.03"]
[EventRounds "9"]
[EventCountry "ESP"]
[Source "lmi"]
[SourceDate "2008.11.03"]

1. e4 c5 2. Nf3 d6 3. d4 cxd4 4. Nxd4 Nf6 5. Nc3 a6 6. Bg5 e6 7. Be2 Be7 8. O-O
Nbd7 9. Kh1 Qc7 10. f4 O-O 11. Qe1 b5 12. a3 Nc5 13. Bf3 Bb7 14. Rd1 Rae8 15.
e5 dxe5 16. fxe5 Nd5 17. Bxe7 Qxe7 18. Ne4 Nxe4 19. Bxe4 Nb6 20. Rf4 Bxe4 21.
Qxe4 Qg5 22. Nf3 Qg6 23. Qxg6 hxg6 24. Rd6 Rd8 25. Rfd4 Rxd6 26. Rxd6 Nc4 27.
Rxa6 Nxb2 28. Rb6 Nc4 29. Rxb5 Nxa3 30. Rc5 Rd8 31. h3 Kf8 32. c4 Nc2 33. Rc7
Ne3 34. Kg1 Ke8 35. Ng5 Rd7 36. Rc6 Ke7 37. Kf2 Nf5 38. g4 Rd2+ 39. Ke1 Re2+
40. Kxe2 Nd4+ 41. Kd3 Nxc6 42. Nf3 f6 43. Ke4 f5+ 44. Kd3 Nd8 45. c5 Kd7 46.
Kc4 Kc6 47. Nd4+ Kc7 48. Kb5 f4 49. g5 Kb7 50. h4 Kc7 51. Kc4 Nc6 52. Nxe6+ 1-0

[Event "Madrid ch - Previa A"]
[Site "Madrid ESP"]
[Date "2008.11.10"]
[Round "4.1"]
[White "Cano Mercado, Francisco Manuel"]
[Black "Garcia Gutierrez, Jose"]
[Result "0-1"]
[WhiteElo "1891"]
[BlackElo "2059"]
[PlyCount "54"]
[EventDate "2008.11.03"]
[EventRounds "9"]
[EventCountry "ESP"]
[Source "lmi"]
[SourceDate "2008.11.03"]

1. d4 d5 2. Nf3 Nf6 3. c4 c6 4. Nc3 e6 5. Bg5 dxc4 6. e4 b5 7. e5 h6 8. Bh4 g5
9. Nxg5 hxg5 10. Bxg5 Be7 11. exf6 Bxf6 12. Bxf6 Qxf6 13. g3 Na6 14. Bg2 Nb4
15. O-O Bb7 16. Nxb5 cxb5 17. Bxb7 Rd8 18. Qd2 Nd3 19. Bc6+ Kf8 20. Bxb5 Rxd4
21. Qe3 Ne5 22. f3 Rd3 23. Qc5+ Kg7 24. Bc6 Rd2 25. Be4 Rhxh2 26. f4 Nd3 27.
Qxa7 Qxb2 0-1

[Event "Madrid ch - Previa A"]
[Site "Madrid ESP"]
[Date "2008.11.10"]
[Round "4.2"]
[White "Pardo Robles, Jose M"]
[Black "Sanz Esteban, Eduardo"]
[Result "0-1"]
[WhiteElo "1941"]
[BlackElo "1891"]
[PlyCount "60"]
[EventDate "2008.11.03"]
[EventRounds "9"]
[EventCountry "ESP"]
[Source "lmi"]
[SourceDate "2008.11.03"]

1. c4 f5 2. g3 Nf6 3. Nc3 g6 4. d4 Bg7 5. Bg2 d6 6. Nh3 O-O 7. O-O Nc6 8. Rb1
e5 9. d5 Ne7 10. e3 h6 11. f4 a6 12. b4 Ng4 13. Qb3 g5 14. Ne2 Ng6 15. Nf2 Qe7
16. Qc2 exf4 17. gxf4 Nxe3 18. Bxe3 Qxe3 19. Rb3 Qe7 20. fxg5 hxg5 21. h3 Nh4
22. Qd2 Nxg2 23. Kxg2 f4 24. Ng1 Bf5 25. Re1 Qf7 26. Qd1 Rae8 27. Ne2 f3+ 28.
Rxf3 Be4 29. Ng1 Bxf3+ 30. Nxf3 Rxe1 0-1

[Event "Madrid ch - Previa A"]
[Site "Madrid ESP"]
[Date "2008.11.10"]
[Round "4.3"]
[White "Montero Garcia, Francisco Javier"]
[Black "Cortes Jurado, Rafael"]
[Result "1-0"]
[WhiteElo "1887"]
[BlackElo "2054"]
[PlyCount "47"]
[EventDate "2008.11.03"]
[EventRounds "9"]
[EventCountry "ESP"]
[Source "lmi"]
[SourceDate "2008.11.03"]

1. e4 c5 2. Nf3 e6 3. d4 cxd4 4. Nxd4 Nc6 5. Nb5 d6 6. Bf4 e5 7. Bg5 Qxg5 8.
Nc7+ Kd8 9. Nxa8 Qg4 10. Nc3 Nf6 11. f3 Qg5 12. Nb5 Qe3+ 13. Be2 Ne8 14. a4 Be6
15. Ra3 Qc5 16. c3 Kc8 17. Qd2 d5 18. b4 Nxb4 19. cxb4 Qxb4 20. Rc3+ Kb8 21.
Nac7 Nxc7 22. Nxc7 Qxa4 23. Qc2 Qd4 24. Nxe6 1-0

[Event "Madrid ch - Previa A"]
[Site "Madrid ESP"]
[Date "2008.11.10"]
[Round "4.4"]
[White "Martin Martin, Luis Vicente"]
[Black "Gabriel y Galan Acevedo, Jesus"]
[Result "1/2-1/2"]
[WhiteElo "2085"]
[BlackElo "2033"]
[PlyCount "110"]
[EventDate "2008.11.03"]
[EventRounds "9"]
[EventCountry "ESP"]
[Source "lmi"]
[SourceDate "2008.11.03"]

1. e4 d6 2. Bc4 Nf6 3. d3 g6 4. Nc3 Bg7 5. Nge2 c6 6. a4 O-O 7. Bg5 Qa5 8. Bd2
Qc7 9. h3 e5 10. O-O Be6 11. Qc1 Bxc4 12. dxc4 Nbd7 13. Bh6 Nc5 14. Bxg7 Kxg7
15. Qe3 a5 16. b3 Qe7 17. Rad1 Nh5 18. g4 Nf6 19. Ng3 Ne6 20. Nce2 Kh8 21. f4
exf4 22. Nxf4 Nxf4 23. Qxf4 Ne8 24. Rd3 Rd8 25. Rfd1 f6 26. c5 Qe5 27. Qxe5
fxe5 28. Kg2 Rf7 29. c4 Rfd7 30. Kf3 Kg7 31. Ke3 Kf7 32. cxd6 Rxd6 33. Rxd6
Rxd6 34. Rxd6 Nxd6 35. c5 Ne8 36. Nf1 Nc7 37. Nd2 Ne6 38. Nc4 Nxc5 39. Nxa5 Ke6
40. b4 Nxa4 41. Nxb7 Nc3 42. Nd8+ Kd7 43. Nf7 Ke6 44. Ng5+ Ke7 45. Nxh7 Na2 46.
h4 Nxb4 47. h5 gxh5 48. gxh5 Nc2+ 49. Kd2 Nd4 50. Ng5 Kf6 51. h6 Kg6 52. h7 Kg7
53. Kd3 c5 54. Kc4 Ne2 55. Kd5 Ng3 1/2-1/2

[Event "Madrid ch - Previa A"]
[Site "Madrid ESP"]
[Date "2008.11.10"]
[Round "4.5"]
[White "Tejedor Ariza, Francisco"]
[Black "Pardiñas Riaño, Emilio"]
[Result "1-0"]
[WhiteElo "2031"]
[BlackElo "1852"]
[PlyCount "87"]
[EventDate "2008.11.03"]
[EventRounds "9"]
[EventCountry "ESP"]
[Source "lmi"]
[SourceDate "2008.11.03"]

1. e4 c5 2. Nf3 d6 3. d4 cxd4 4. Nxd4 Nf6 5. Bd3 a6 6. O-O e6 7. Nd2 Be7 8. b3
O-O 9. Bb2 Nc6 10. Nxc6 bxc6 11. f4 Qc7 12. e5 Nd5 13. Qh5 g6 14. Qh6 Re8 15.
exd6 Qb6+ 16. Kh1 Bf8 17. Qg5 Bg7 18. Bxg7 Kxg7 19. Nc4 Qd8 20. Qe5+ Qf6 21.
Nd2 Qxe5 22. fxe5 Bd7 23. Ne4 Red8 24. Nf6 Nxf6 25. Rxf6 Be8 26. Raf1 a5 27. g4
a4 28. b4 Rab8 29. a3 Rb7 30. g5 Ra7 31. R6f4 Rc8 32. Rc4 Bd7 33. Rc5 Rb8 34.
Be4 Rb6 35. Kg2 Rab7 36. Rf3 Ra7 37. Rfc3 Raa6 38. Kf3 h6 39. Kg4 h5+ 40. Kf3
Kh7 41. Ke3 Kg7 42. h4 Kh8 43. Bxc6 Bxc6 44. Rxc6 1-0

[Event "Madrid ch - Previa A"]
[Site "Madrid ESP"]
[Date "2008.11.10"]
[Round "4.6"]
[White "Maseda Iglesias, Luis"]
[Black "Andalon Gomez, Carlos J"]
[Result "0-1"]
[WhiteElo "1896"]
[BlackElo "2012"]
[PlyCount "110"]
[EventDate "2008.11.03"]
[EventRounds "9"]
[EventCountry "ESP"]
[Source "lmi"]
[SourceDate "2008.11.03"]

1. d4 d5 2. c4 e6 3. Nc3 Nf6 4. cxd5 exd5 5. Bg5 Be7 6. Qc2 O-O 7. e3 c6 8. Bd3
Nbd7 9. Nf3 Re8 10. O-O Nf8 11. h3 Bd6 12. e4 dxe4 13. Nxe4 Be7 14. Nxf6+ Bxf6
15. Be3 Be6 16. Bc4 Bd5 17. Bxd5 Qxd5 18. Rfd1 Ne6 19. a3 Red8 20. Rd2 Rd7 21.
Rad1 Qh5 22. b4 Rd5 23. Qe4 Rad8 24. Qc2 g6 25. Qe4 Nc7 26. Qf4 R8d6 27. Rc1 g5
28. Qe4 Re6 29. Qd3 Be7 30. Qc2 g4 31. hxg4 Qxg4 32. Ne5 Qh4 33. Qf5 Qf6 34.
Qg4+ Qg7 35. Qxg7+ Kxg7 36. Nd3 Rd8 37. Nc5 Bxc5 38. bxc5 Nd5 39. Rd3 f5 40.
Bg5 Rd7 41. Rg3 Rg6 42. Bh4 Rxg3 43. Bxg3 f4 44. Bh4 Kg6 45. Re1 Nc3 46. Re6+
Kg7 47. Rd6 Rf7 48. f3 Nb5 49. Rd8 Nxa3 50. d5 cxd5 51. Rxd5 Nb5 52. c6 bxc6
53. Rc5 Rc7 54. Bg5 Nd4 55. Bxf4 Ne2+ 0-1

[Event "Madrid ch - Previa A"]
[Site "Madrid ESP"]
[Date "2008.11.10"]
[Round "4.7"]
[White "Martin-Consuegra Barrilero, Francisco Javier"]
[Black "Lopez Heras, Arturo"]
[Result "0-1"]
[WhiteElo "1893"]
[BlackElo "1988"]
[PlyCount "150"]
[EventDate "2008.11.03"]
[EventRounds "9"]
[EventCountry "ESP"]
[Source "lmi"]
[SourceDate "2008.11.03"]

1. d4 d5 2. Bg5 Bf5 3. e3 Nd7 4. Bd3 Bg6 5. Nf3 Ngf6 6. Bxg6 hxg6 7. Nbd2 e6 8.
Qe2 Be7 9. O-O-O c6 10. Ne5 Nxe5 11. dxe5 Nd7 12. Bxe7 Qxe7 13. f4 a5 14. g4 a4
15. g5 a3 16. b3 Qb4 17. Qd3 O-O-O 18. h4 c5 19. c3 Qb6 20. Rh3 c4 21. Qd4 Nc5
22. Kc2 Qb5 23. Ra1 Qc6 24. Rh2 b5 25. b4 Na4 26. Nf3 Rd7 27. Qd2 Nb2 28. Nd4
Qa6 29. Rah1 Rh5 30. Qg2 Qa4+ 31. Kc1 Nd3+ 32. Kb1 Nxb4 33. cxb4 Qxb4+ 34. Kc2
Qb2+ 35. Kd1 Qb1+ 36. Ke2 Qxa2+ 37. Kf3 Qxg2+ 38. Rxg2 b4 39. Kg3 b3 40. Nb5 a2
41. Ra1 Rh8 42. Rb2 Kb7 43. Nc3 Kc6 44. Nxa2 bxa2 45. Rbxa2 Rb8 46. Ra6+ Kc5
47. Kg4 Rb3 48. R1a5+ Kb4 49. Ra4+ Kc3 50. Kf3 Kd3 51. Rc6 Kc2 52. Ke2 Rdb7 53.
Raa6 Kb2 54. Rc5 Rd3 55. Rca5 Kc2 56. Ra2+ Rb2 57. Rxb2+ Kxb2 58. Ra7 d4 59.
exd4 Rxd4 60. Ke3 Rd1 61. Rxf7 c3 62. Rb7+ Kc1 63. Rxg7 c2 64. Ke2 Rh1 65. Rb7
Rxh4 66. Rb4 Rh2+ 67. Ke1 Rh3 68. Ke2 Rh2+ 69. Ke1 Rd2 70. Rc4 Rd5 71. Rb4 Ra5
72. Ke2 Ra3 73. Rc4 Ra2 74. Ke1 Rb2 75. Ke2 Kb1 0-1

[Event "Madrid ch - Previa A"]
[Site "Madrid ESP"]
[Date "2008.11.10"]
[Round "4.8"]
[White "Garcia Lopez, Pedro"]
[Black "Osorio Ramos, Francisco"]
[Result "1-0"]
[WhiteElo "1839"]
[BlackElo "1960"]
[PlyCount "123"]
[EventDate "2008.11.03"]
[EventRounds "9"]
[EventCountry "ESP"]
[Source "lmi"]
[SourceDate "2008.11.03"]

1. e4 c5 2. Nf3 d6 3. d4 cxd4 4. Nxd4 Nf6 5. Nc3 a6 6. Bg5 e6 7. Be2 Be7 8. O-O
O-O 9. h3 b5 10. a3 Bb7 11. Qd3 Nbd7 12. f3 Rc8 13. Rad1 h6 14. Bh4 Ne5 15. Qe3
Nfg4 16. hxg4 Bxh4 17. f4 Nc4 18. Bxc4 Rxc4 19. g3 Be7 20. Nf3 Qc7 21. Nd2 d5
22. Kh2 d4 23. Qd3 dxc3 24. Nxc4 bxc4 25. Qxc3 Bxe4 26. Rd2 Bf6 27. Qe3 Bd5 28.
c3 Rb8 29. Rfd1 Be7 30. Qe2 Re8 31. Re1 Qb7 32. Kh3 g6 33. Qe5 f6 34. Qd4 Rd8
35. Qe3 h5 36. gxh5 gxh5 37. Qe2 Bf3 38. Qxe6+ Kf8 39. Rxd8+ Bxd8 40. Qe8+ Kg7
41. Qxd8 Bg4+ 42. Kh4 Kg6 43. Qg8+ Kh6 44. Qf8+ Kg6 45. Qe8+ Kh6 46. Qe7 Qc6
47. Qf8+ Kg6 48. Qe8+ Qxe8 49. Rxe8 a5 50. Ra8 Kf5 51. Rxa5+ Ke4 52. Ra6 f5 53.
Rd6 Ke3 54. a4 Bf3 55. a5 Ke2 56. a6 Ke3 57. Rd8 Ke2 58. a7 Ke3 59. a8=Q Bxa8
60. Rxa8 Kd2 61. Kxh5 Kc2 62. Rb8 1-0

[Event "Madrid ch - Previa A"]
[Site "Madrid ESP"]
[Date "2008.11.10"]
[Round "4.10"]
[White "Gonzalez Recas, Fernando"]
[Black "Fernandez Aransay, Fernando"]
[Result "1/2-1/2"]
[WhiteElo "1862"]
[BlackElo "1958"]
[PlyCount "48"]
[EventDate "2008.11.03"]
[EventRounds "9"]
[EventCountry "ESP"]
[Source "lmi"]
[SourceDate "2008.11.03"]

1. e4 c6 2. d4 d5 3. Nd2 dxe4 4. Nxe4 Nd7 5. Nf3 Ngf6 6. Nxf6+ Nxf6 7. Be2 e6
8. O-O Be7 9. c4 O-O 10. Qc2 Qc7 11. Bg5 b6 12. Ne5 Bb7 13. Rad1 Rac8 14. Bf3
Rfd8 15. Rfe1 c5 16. Bxb7 Qxb7 17. Nf3 Qc7 18. dxc5 Qxc5 19. Rxd8+ Rxd8 20. b3
h6 21. Bh4 Qc7 22. Rd1 Ng4 23. Rxd8+ Bxd8 24. Bxd8 Qxd8 1/2-1/2

[Event "Madrid ch - Previa A"]
[Site "Madrid ESP"]
[Date "2008.11.10"]
[Round "4.13"]
[White "Manzano Molina, Daniel"]
[Black "Boni De Aristizabal, Marco"]
[Result "1/2-1/2"]
[WhiteElo "1608"]
[BlackElo "1934"]
[PlyCount "74"]
[EventDate "2008.11.03"]
[EventRounds "9"]
[EventCountry "ESP"]
[Source "lmi"]
[SourceDate "2008.11.03"]

1. d4 f5 2. g3 Nf6 3. Bg2 d5 4. Nf3 e6 5. O-O Bd6 6. Nbd2 c6 7. c3 O-O 8. Ne5
Nbd7 9. Nd3 Qe7 10. f3 e5 11. dxe5 Nxe5 12. Nxe5 Qxe5 13. e4 fxe4 14. fxe4 Bc5+
15. Kh1 Ng4 16. Rxf8+ Kxf8 17. Qf3+ Kg8 18. h3 Nf2+ 19. Kh2 Be6 20. Nf1 dxe4
21. Qe2 Rf8 22. Be3 Bxe3 23. Qxe3 Bg4 24. Qd2 Qh5 25. h4 Qf5 26. Ne3 Qc5 27.
Rf1 Bf3 28. Rxf2 Bxg2 29. Rxf8+ Qxf8 30. Qxg2 Qe7 31. Qd2 g5 32. h5 Qf6 33. Qc2
Qf3 34. Qb3+ Kf8 35. Qb4+ Ke8 36. Qd4 Qxh5+ 37. Kg2 Qf3+ 1/2-1/2

[Event "Madrid ch - Previa A"]
[Site "Madrid ESP"]
[Date "2008.11.10"]
[Round "4.15"]
[White "Bascuñana Gonzalez, Sergio"]
[Black "Ortega Morales, Pedro"]
[Result "1-0"]
[WhiteElo "1702"]
[BlackElo "1911"]
[PlyCount "105"]
[EventDate "2008.11.03"]
[EventRounds "9"]
[EventCountry "ESP"]
[Source "lmi"]
[SourceDate "2008.11.03"]

1. e4 e5 2. Nf3 Nc6 3. Nc3 Bb4 4. Bc4 Nf6 5. O-O O-O 6. Re1 d6 7. h3 a6 8. a3
Bc5 9. d3 h6 10. Be3 Re8 11. Nd5 Bxe3 12. Rxe3 Nh5 13. d4 Nf4 14. Nxf4 exf4 15.
Re1 Bd7 16. Qd2 g5 17. Qd3 Kg7 18. e5 dxe5 19. d5 Ne7 20. Nxe5 Bf5 21. Qd4 f6
22. Ng4 Qd6 23. Rac1 h5 24. Re6 Qxe6 25. dxe6 hxg4 26. hxg4 Rad8 27. Qc5 Be4
28. Bd3 Bxd3 29. cxd3 Nc6 30. Qc4 Re7 31. Re1 Ne5 32. Qc5 Rde8 33. Rxe5 fxe5
34. Qxe5+ Kh7 35. Qf5+ Kh6 36. Qf6+ Kh7 37. Qxg5 Rxe6 38. Qxf4 R8e7 39. Qf5+
Kg7 40. g5 b6 41. d4 c6 42. f4 Re1+ 43. Kh2 Rf7 44. Qg4 Re4 45. g3 Rxd4 46. Qe6
Rfd7 47. f5 Rd1 48. Qe5+ Kg8 49. g6 R1d5 50. Qe6+ Kg7 51. Kh3 R5d6 52. Qe5+ Kh6
53. Kh4 1-0

[Event "Madrid ch - Previa A"]
[Site "Madrid ESP"]
[Date "2008.11.10"]
[Round "4.16"]
[White "Rodriguez Lopez-Cañizares, Francisco"]
[Black "Lopez Peral, Enrique"]
[Result "0-1"]
[WhiteElo "1692"]
[BlackElo "1895"]
[PlyCount "76"]
[EventDate "2008.11.03"]
[EventRounds "9"]
[EventCountry "ESP"]
[Source "lmi"]
[SourceDate "2008.11.03"]

1. e4 e5 2. f4 Qf6 3. Nf3 exf4 4. d4 g5 5. Bc4 d6 6. O-O Nc6 7. Re1 Bd7 8. e5
dxe5 9. dxe5 Bc5+ 10. Kh1 Qe7 11. Nc3 Be6 12. Nd5 Bxd5 13. Qxd5 Rd8 14. Qe4 Nh6
15. Bd2 Ng4 16. Qf5 Nf2+ 17. Kg1 Ne4+ 18. Kh1 Nxd2 19. Qf6 Rg8 20. Bb5 Rg6 21.
Qf5 Qe6 22. Bd3 Qxf5 23. Bxf5 Nxf3 24. gxf3 Rg8 25. Be4 Be3 26. Rad1 Ke7 27.
Rd5 Rxd5 28. Bxd5 Rd8 29. Be4 Nxe5 30. b3 c6 31. h3 f5 32. Bxf5 Nxf3 33. Rf1
Ne5 34. Re1 Rd2 35. Rf1 Rf2 36. Rxf2 Bxf2 37. Bxh7 Kd6 38. Kg2 Be3 0-1

[Event "Madrid ch - Previa A"]
[Site "Madrid ESP"]
[Date "2008.11.10"]
[Round "4.19"]
[White "Perez Cameselle, Francisco Jose"]
[Black "Poblador Dieguez, Alfredo"]
[Result "1-0"]
[WhiteElo "2010"]
[BlackElo "1654"]
[PlyCount "73"]
[EventDate "2008.11.03"]
[EventRounds "9"]
[EventCountry "ESP"]
[Source "lmi"]
[SourceDate "2008.11.03"]

1. Nf3 d5 2. b3 e6 3. Bb2 Nf6 4. e3 a6 5. Be2 Be7 6. O-O O-O 7. c4 dxc4 8. bxc4
c5 9. Nc3 b6 10. Ne5 Bb7 11. Bf3 Qc7 12. Bxb7 Qxb7 13. Qe2 Nbd7 14. f4 Rad8 15.
d3 h6 16. Rad1 Nxe5 17. fxe5 Nh7 18. Ne4 f5 19. exf6 Nxf6 20. Bxf6 Bxf6 21.
Nxf6+ Rxf6 22. Rxf6 gxf6 23. Qg4+ Kf7 24. Qh5+ Kg7 25. Rf1 Qe7 26. Rf3 Kh7 27.
Rh3 Qf8 28. Rg3 Qe8 29. Qg4 Qf7 30. Qf4 f5 31. e4 Qf6 32. Qc7+ Kh8 33. e5 Qf8
34. Qxb6 h5 35. Qxe6 Rb8 36. Rg5 Qe8 37. Qf6+ 1-0

[Event "Madrid ch - Previa A"]
[Site "Madrid ESP"]
[Date "2008.11.10"]
[Round "4.21"]
[White "Diaz Begonte, Manuel"]
[Black "Aburto Renovales, Rafael"]
[Result "1-0"]
[WhiteElo "1875"]
[BlackElo "1530"]
[PlyCount "35"]
[EventDate "2008.11.03"]
[EventRounds "9"]
[EventCountry "ESP"]
[Source "lmi"]
[SourceDate "2008.11.03"]

1. e4 c5 2. d4 cxd4 3. c3 dxc3 4. Nxc3 Nc6 5. Nf3 e5 6. Bc4 d6 7. O-O Be7 8.
Qb3 Na5 9. Bxf7+ Kf8 10. Qd1 Kxf7 11. Nd5 Nf6 12. Qe2 Rf8 13. b4 Nc6 14. Qc4
Be6 15. Ng5+ Ke8 16. Nxe6 Qd7 17. Ndc7+ Kf7 18. Nxf8+ 1-0

[Event "Madrid ch - Previa A"]
[Site "Madrid ESP"]
[Date "2008.11.10"]
[Round "4.22"]
[White "Romero Jaime, Pedro"]
[Black "Corredor Gonzalez, Angel L"]
[Result "1-0"]
[WhiteElo "1743"]
[BlackElo "1817"]
[PlyCount "86"]
[EventDate "2008.11.03"]
[EventRounds "9"]
[EventCountry "ESP"]
[Source "lmi"]
[SourceDate "2008.11.03"]

1. Nf3 d5 2. b4 Nf6 3. Bb2 e6 4. a3 Bd6 5. e3 Nbd7 6. c4 c5 7. bxc5 Nxc5 8. d4
Nce4 9. Nbd2 Qa5 10. c5 Be7 11. Bd3 Bd7 12. O-O Bb5 13. Nb3 Qa6 14. Bxb5+ Qxb5
15. Rb1 O-O 16. Ne5 Nd7 17. Nd3 Bg5 18. Kh1 f5 19. f3 Bxe3 20. fxe4 fxe4 21.
Rxf8+ Rxf8 22. Ne5 Nxe5 23. dxe5 Bxc5 24. Nxc5 Qxc5 25. Bd4 Qxa3 26. Rxb7 a5
27. Rc7 Qb4 28. Bc5 Qc4 29. Kg1 Rf5 30. Bd6 Qa6 31. Re7 Qc8 32. Rc7 Qe8 33. Qc1
Qb5 34. Re7 Qb6+ 35. Bc5 Qc6 36. Rxg7+ Kh8 37. Ra7 a4 38. g4 Rf8 39. Kg2 d4 40.
Kg1 e3 41. Qb1 d3 42. Qxd3 Rf1+ 43. Qxf1 Qxc5 1-0